It doesn't have to be a drama (Record no. 80518)
[ view plain ]
| 000 -LEADER | |
|---|---|
| fixed length control field | 00682cab a22001815a 4500 |
| 001 - CONTROL NUMBER | |
| control field | L144561 |
| 008 - FIXED-LENGTH DATA ELEMENTS--GENERAL INFORMATION | |
| fixed length control field | 080728e20080726xxk af g 000 0 eng d |
| 035 ## - SYSTEM CONTROL NUMBER | |
| System control number | (Sirsi) u144561 |
| 041 0# - LANGUAGE CODE | |
| Language code of text/sound track or separate title | eng |
| 100 1# - MAIN ENTRY--PERSONAL NAME | |
| Personal name | Askham, Phil |
| 245 00 - TITLE STATEMENT | |
| Title | It doesn't have to be a drama |
| 260 ## - PUBLICATION, DISTRIBUTION, ETC. | |
| Date of publication, distribution, etc. | 2008 |
| 490 ## - SERIES STATEMENT | |
| Series statement | Estates Gazette |
| Volume/sequential designation | (0829) 26 July 2008, 86-87(2) |
| 520 ## - SUMMARY, ETC. | |
| Summary, etc. | Mainly for students article looks at the comparison method of valuation (the most widely used of the traditional five valuation methods) and illustrates some of the pitfalls that can catch out an inexperienced valuer. |
| 651 #4 - SUBJECT ADDED ENTRY--GEOGRAPHIC NAME | |
| Geographic name | United Kingdom |
| Chronological subdivision | |
| 690 ## - LOCAL SUBJECT ADDED ENTRY--TOPICAL TERM (OCLC, RLIN) | |
| Topical term or geographic name as entry element | PROPERTY-PROPERTY APPRAISAL AND VALUATION |
| 942 ## - ADDED ENTRY ELEMENTS (KOHA) | |
| Suppress in OPAC | 0 |
| Withdrawn status | Lost status | Source of classification or shelving scheme | Damaged status | Not for loan | Home library | Current library | Shelving location | Date acquired | Total Checkouts | Full call number | Barcode | Date last seen | Copy number | Price effective from | Koha item type |
|---|---|---|---|---|---|---|---|---|---|---|---|---|---|---|---|
| Dewey Decimal Classification | London | London | Journal article | 28/07/2008 | L144561 | 144561-1001 | 06/08/2019 | 1 | 06/08/2019 | Journal article |